The fading of earthbound compulsion in a Hong Kong village : (Record no. 65420)
[ view plain ]
| 000 -LEADER | |
|---|---|
| fixed length control field | 01453cam9a220031301 4500 |
| 001 - CONTROL NUMBER | |
| control field | lce00325987 |
| 005 - DATE AND TIME OF LATEST TRANSACTION | |
| control field | 20190815103207.0 |
| 008 - FIXED-LENGTH DATA ELEMENTS--GENERAL INFORMATION | |
| fixed length control field | 771207s1976 at a b 000 0 eng |
| 010 ## - LIBRARY OF CONGRESS CONTROL NUMBER | |
| LC control number | 77372584 //r902 |
| 015 ## - NATIONAL BIBLIOGRAPHY NUMBER | |
| National bibliography number | Aus |
| 020 ## - INTERNATIONAL STANDARD BOOK NUMBER | |
| International Standard Book Number | 0909150125 |
| 035 ## - SYSTEM CONTROL NUMBER | |
| System control number | (Sirsi) r33983 |
| 035 ## - SYSTEM CONTROL NUMBER | |
| System control number | (DLC) 77372584 //r902 |
| 035 ## - SYSTEM CONTROL NUMBER | |
| System control number | (UPRA)lce00325987 |
| 040 ## - CATALOGING SOURCE | |
| Original cataloging agency | DLC |
| Transcribing agency | DLC |
| Modifying agency | DLC |
| 043 ## - GEOGRAPHIC AREA CODE | |
| Geographic area code | a-hk--- |
| 050 00 - LIBRARY OF CONGRESS CALL NUMBER | |
| Classification number | HB2117.A3 |
| Item number | L43 |
| 082 00 - DEWEY DECIMAL CLASSIFICATION NUMBER | |
| Classification number | 301.32/9/5125 |
| 100 1# - MAIN ENTRY--PERSONAL NAME | |
| Personal name | Lee, Rance Pui-leung. |
| Linkage | A97372.1 |
| 245 14 - TITLE STATEMENT | |
| Title | The fading of earthbound compulsion in a Hong Kong village : |
| Remainder of title | population mobility and its economic implication / |
| Statement of responsibility, etc. | [by] Rance Pui-leung Lee. |
| 260 ## - PUBLICATION, DISTRIBUTION, ETC. | |
| Place of publication, distribution, etc. | Canberra : |
| Name of publisher, distributor, etc. | Australian National University, Research School of Pacific Studies, |
| Date of publication, distribution, etc. | c1976. |
| 490 1# - SERIES STATEMENT | |
| Series statement | Working paper - Development Studies Centre, Australian National University ; no. 4 |
| 504 ## - BIBLIOGRAPHY, ETC. NOTE | |
| Bibliography, etc. note | Bibliography: leaf 15. |
| 650 #0 - SUBJECT ADDED ENTRY--TOPICAL TERM | |
| Topical term or geographic name entry element | Migration, Internal -- Economic aspects -- Hong Kong. |
| General subdivision | Migration, Internal -- Economic aspects -- Hong Kong. |
| Geographic subdivision | Migration, Internal -- Economic aspects -- Hong Kong. |
| Linkage | S70278.1 |
| 650 #0 - SUBJECT ADDED ENTRY--TOPICAL TERM | |
| Topical term or geographic name entry element | Villages -- Economic aspects -- Hong Kong. |
| General subdivision | Villages -- Economic aspects -- Hong Kong. |
| Geographic subdivision | Villages -- Economic aspects -- Hong Kong. |
| Linkage | S70279.1 |
| 830 #0 - SERIES ADDED ENTRY--UNIFORM TITLE | |
| Uniform title | Working paper (Australian National University. Development Studies Centre : 1975) ; |
| Volume/sequential designation | no. 4. |
| Linkage | S12671.1 |
| 949 ## - LOCAL PROCESSING INFORMATION (OCLC) | |
| a | HB2117.A3 |
| w | lcc |
| i | -39756 |
| m | MAIN |
| t | BOOK |
| l | ON-SHELF |
No items available.